| 000 | 00681nam a22002177a 4500 | ||
|---|---|---|---|
| 999 |
_c15246 _d15246 |
||
| 003 | AR-CdUCM | ||
| 008 | 190426b ||||| |||| 00| 0 spa d | ||
| 020 | _a978-607-16-0916-8 | ||
| 040 |
_aMUNICIPALIDAD PROVINCIAL DEL CUSCO _cBIBLIOTECA MUNICIPAL DEL CUSCO |
||
| 082 |
_aPI / 376.12 / _bM62 |
||
| 100 |
_aMiura, Taro _934287 |
||
| 245 | _aEl pequeño rey / | ||
| 260 |
_aMéxico : _bFondo de cultura económica, _c2010. |
||
| 300 |
_c21.5 cm. _bIlustración, |
||
| 650 |
_aLiteratura infantil _9588 |
||
| 650 |
_aPara aprender _934288 |
||
| 650 |
_aInfantil _96210 |
||
| 700 |
_aHarada Olivares, María del Carmen _934289 |
||
| 942 |
_2ddc _cLIBROS |
||
| 945 |
_arah _d26/04/2019 |
||